Renovujeme - stavíme - zařizujeme : 1/2007 Vše o střeše.Stavba a rekonstrukce

Guardado en:
Detalles Bibliográficos
Formato: Libro
Lenguaje:checo
Publicado: Bratislava : Jaga Group, 2006
Etiquetas: Agregar Etiqueta
Sin Etiquetas, Sea el primero en etiquetar este registro!

MARC

LEADER 00000nam a22000003a 4500
001 stu176030
005 20150408160646.9
008 081120s2006----xo------------------cze-d
040 |a STU  |b slo 
041 0 |a cze 
044 |a xo 
245 |a Renovujeme - stavíme - zařizujeme :  |b 1/2007 Vše o střeše.Stavba a rekonstrukce 
260 |a Bratislava :  |b Jaga Group,  |c 2006 
300 |a 176 s.;obr 
996 |b 284V031255  |c V*9084/K-2228  |l VVT  |s A  |a 24  |w stu176030_0001